| 000 | 00764cam a2200241 a 4500 | ||
|---|---|---|---|
| 001 | 12752509 | ||
| 005 | 20180312103730.0 | ||
| 008 | 020424s2003 caua b 001 0 eng | ||
| 010 | _a 2002105832 | ||
| 020 | _a0534573878 (acidfree paper) | ||
| 035 | _a(DLC) 2002105832 | ||
| 040 |
_aDLC _cDLC _dDLC |
||
| 041 | _aeng | ||
| 080 | _a341 WIL | ||
| 082 | 0 | 0 |
_a341 WIL _221 |
| 100 | 1 | _a14 | |
| 101 | _aJUR | ||
| 245 | 1 | 0 |
_aFundamental perspectives on international law / _cWilliam R. Slomanson. |
| 504 | _aIncludes bibliographical references and index. | ||
| 906 |
_a7 _bcbc _corignew _d2 _eepcn _f20 _gy-gencatlg |
||
| 942 |
_2ddc _cBK |
||
| 999 |
_c44797 _d44797 |
||